Análisis comparativo de los principales fenómenos electromagnéticos que afectan las variables eléctricas utilizadas en la normativa de medición de la calidad de la tensión de suministro
Gespeichert in:
| 1. Verfasser: | |
|---|---|
| Weitere Verfasser: | |
| Format: | Buch |
| Sprache: | Spanish |
| Veröffentlicht: |
[San José ], Costa Rica
[2016]
|
| Schlagworte: | |
| Tags: |
Tag hinzufügen
Keine Tags, Fügen Sie den ersten Tag hinzu!
|
MARC
| LEADER | 00000nam a22000007a 4500 | ||
|---|---|---|---|
| 003 | 012692 | ||
| 005 | 20231129102324.0 | ||
| 008 | 171004b2016 cr a|||| m||| 00| ||spa d | ||
| 040 | |c cru CEDI | ||
| 090 | |a TFG 7843 | ||
| 100 | |a Barquero Ramírez, Marianela, 1987- |9 1915 | ||
| 245 | |a Análisis comparativo de los principales fenómenos electromagnéticos que afectan las variables eléctricas utilizadas en la normativa de medición de la calidad de la tensión de suministro | ||
| 260 | |a [San José ], Costa Rica |c [2016] | ||
| 300 | |a xiii, 68 hojas ; ilustraciones | ||
| 500 | |a "IE-0499 Proyecto eléctrico”, Proyecto de graduación (bachillerato en ingeniería eléctrica)--Universidad de Costa Rica. Facultad de Ingeniería. Escuela de Ingeniería Eléctrica | ||
| 501 | |a Profesor Guía de IE-0499 Proyecto Eléctrico: Dr. Ing. Jorge Blanco Roldán | ||
| 650 | |x DISTRIBUCION DE ENERGIA ELECTRICA |x SISTEMAS DE ENERGIA ELECTRICA |x ELECTRICIDAD - NORMAS |x ELECTRICIDAD - MEDICIONES |x ELECTROMAGNETISMO |x ENERGIA ELECTRICA |9 10043 | ||
| 700 | |a Blanco Roldán, Jorge, 1950- |d Director de Proyecto Eléctrico |9 736 | ||
| 942 | |c TFG |h TFG 7843 |i 012692 |6 TFG_7843_012692000000000 | ||
| 999 | |c 19075 |d 19075 | ||
